Smith & Tanagho's general urology (Record no. 369)

000 -LEADER
fixed length control field 04595nam a22005177a 4500
001 - CONTROL NUMBER
control field 1144923136
003 - CONTROL NUMBER IDENTIFIER
control field OCoLC
005 - DATE AND TIME OF LATEST TRANSACTION
control field 20210419094248.0
006 - FIXED-LENGTH DATA ELEMENTS--ADDITIONAL MATERIAL CHARACTERISTICS
fixed length control field m o d
007 - PHYSICAL DESCRIPTION FIXED FIELD--GENERAL INFORMATION
fixed length control field cr cn|||||||||
008 - FIXED-LENGTH DATA ELEMENTS--GENERAL INFORMATION
fixed length control field 200316s2020 nyua ob 000 0 eng d
020 ## - INTERNATIONAL STANDARD BOOK NUMBER
International Standard Book Number 9781259834349
Qualifying information electronic book
020 ## - INTERNATIONAL STANDARD BOOK NUMBER
International Standard Book Number 1259834344
Qualifying information electronic book
020 ## - INTERNATIONAL STANDARD BOOK NUMBER
Canceled/invalid ISBN 9781259834332
Qualifying information paperback
020 ## - INTERNATIONAL STANDARD BOOK NUMBER
Canceled/invalid ISBN 1259834336
Qualifying information paperback
035 ## - SYSTEM CONTROL NUMBER
System control number (OCoLC)1144923136
Canceled/invalid control number (OCoLC)1145027347
040 ## - CATALOGING SOURCE
Original cataloging agency WIC
Language of cataloging eng
Description conventions rda
-- pn
Transcribing agency WIC
Modifying agency MMU
-- INM
-- OCLCO
-- VTM
-- SMC
-- YYE
049 ## - LOCAL HOLDINGS (OCLC)
Holding library YYEA
-- VZYM
080 ## - UNIVERSAL DECIMAL CLASSIFICATION NUMBER
Universal Decimal Classification number 616.6
Item number S-68
099 ## - LOCAL FREE-TEXT CALL NUMBER (OCLC)
Classification number INTERNET LINK
245 00 - TITLE STATEMENT
Title Smith & Tanagho's general urology
246 3# - VARYING FORM OF TITLE
Title proper/short title Smith and Tanagho's general urology.
246 3# - VARYING FORM OF TITLE
Title proper/short title General urology.
250 ## - EDITION STATEMENT
Edition statement 19th edition /
Remainder of edition statement edited by Jack W. McAninch, Tom F. Lue.
260 ## - PUBLICATION, DISTRIBUTION, ETC.
Place of publication, distribution, etc. New York :
Name of publisher, distributor, etc. McGraw-Hill,
Date of publication, distribution, etc. 2020.
300 ## - PHYSICAL DESCRIPTION
Extent 820 p.
Other physical details illustrations.
365 ## - TRADE PRICE
Price amount 61 usd
500 ## - GENERAL NOTE
General note Revised edition of: Smith & Tanagho's general urology / edited by Jack W. McAninch, Tom F. Lue. 18th ed. ©2013.
500 ## - GENERAL NOTE
General note EINSTEIN & MMC: available online via AccessMedicine. See Reference staff for assistance.
500 ## - GENERAL NOTE
General note MMC: available online via AccessSurgery. See Reference staff for assistance.
504 ## - BIBLIOGRAPHY, ETC. NOTE
Bibliography, etc. note Includes bibliographical references.
505 0# - FORMATTED CONTENTS NOTE
Formatted contents note Anatomy of the genitourinary tract -- Embryology of the genitourinary system -- Symptoms of disorders of the genitourinary tract -- Physical examination of the genitourinary tract -- Urologic laboratory examination -- Radiology of the urinary tract -- Vascular interventional radiology -- Retrograde instrumentation of the urinary tract -- Percutaneous endourology and ureterorenoscopy -- Laparoscopic surgery -- Robotic surgery in urology -- Urinary obstruction & stasis -- Vesicoureteral reflux -- Bacterial infections of the genitourinary tract -- Specific infections of the genitourinary tract -- Sexually transmitted infections -- Urinary stone disease -- Injuries to the genitourinary tract -- Urothelial carcinoma: cancers of the bladder, ureter, and renal pelvis -- Renal parenchymal neoplasms -- Cancer of the prostate gland -- Genital tumors -- Urinary diversion and bladder substitutions -- Systemic therapy of urologic tumors -- Immunotherapy in urologic malignancies -- Radiotherapy of urologic tumors -- Neurophysiology and pharmacology of the lower urinary tract -- Neurogenic bladder -- Urodynamics -- Urinary incontinence -- Disorders of the adrenal glands -- Disorders of the kidneys -- Diagnosis of medical renal diseases -- Acute kidney injury and oliguria -- Chronic kidney disease and renal replacement therapy -- Renal transplantation -- Disorders of the ureter and ureteropelvic junction -- Disorders of the bladder, prostate, and seminal vesicles -- Male sexual dysfunction -- Women's sexual health -- Disorders of the penis and male urethra -- Disorders of the female urethra -- Disorders of sex development -- Male infertility -- The aging male -- Genital gender-affirming surgery: patient care, decision making, and surgery options -- History and physical examination in pediatric urology -- Introduction to clinical research design.
520 ## - SUMMARY, ETC.
Summary, etc. "Smith & Tanagho's General Urology, Nineteenth Edition offers a complete overview of the diagnosis and treatment of the diseases and disorders managed by urologic surgeons. This trusted classic delivers a clear, concise presentation of the etiology, pathogenesis, clinical findings, differential diagnosis, and medical and surgical treatment of all major urologic conditions. The well-organized, user-friendly design makes relevant clinical information and management guidelines easy to find and simple to implement."--Publisher's description.
588 ## - SOURCE OF DESCRIPTION NOTE
Source of description note Description based on online resource; title from resource home page (AccessMedicine, viewed March 17, 2020).
650 12 - SUBJECT ADDED ENTRY--TOPICAL TERM
Topical term or geographic name entry element Urologic Diseases.
653 ## - INDEX TERM--UNCONTROLLED
Uncontrolled term უროლოგია
655 #7 - INDEX TERM--GENRE/FORM
Genre/form data or focus term Electronic books.
700 1# - ADDED ENTRY--PERSONAL NAME
Personal name McAninch, Jack W.
700 1# - ADDED ENTRY--PERSONAL NAME
Personal name Lue, Tom F.
710 2# - ADDED ENTRY--CORPORATE NAME
Corporate name or jurisdiction name as entry element AccessMedicine (Online Service)
710 2# - ADDED ENTRY--CORPORATE NAME
Corporate name or jurisdiction name as entry element AccessSurgery (Online Service)
856 41 - ELECTRONIC LOCATION AND ACCESS
Materials specified AccessSurgery
Uniform Resource Identifier <a href="https://accesssurgery.mhmedical.com/book.aspx?bookid=2840">https://accesssurgery.mhmedical.com/book.aspx?bookid=2840</a>
Public note MMC: AccessSurgery ebook collection
856 40 - ELECTRONIC LOCATION AND ACCESS
Materials specified AccessMedicine
Uniform Resource Identifier <a href="https://elibrary.einsteinmed.org/login?url=https://accessmedicine.mhmedical.com/book.aspx?bookid=2840">https://elibrary.einsteinmed.org/login?url=https://accessmedicine.mhmedical.com/book.aspx?bookid=2840</a>
Public note EINSTEIN: AccessMedicine ebook collection
856 41 - ELECTRONIC LOCATION AND ACCESS
Materials specified AccessMedicine
Uniform Resource Identifier <a href="https://accessmedicine.mhmedical.com/book.aspx?bookid=2840">https://accessmedicine.mhmedical.com/book.aspx?bookid=2840</a>
Public note MMC: AccessMedicine ebook collection
942 ## - ADDED ENTRY ELEMENTS (KOHA)
Source of classification or shelving scheme
Koha item type Books
Holdings
Withdrawn status Lost status Source of classification or shelving scheme Damaged status Not for loan Permanent location Current location Date acquired Inventory number Total Checkouts Full call number Barcode Date last seen Price effective from Koha item type
          Ken Walker International University Ken Walker International University 11/21/2020 1161   616.6 S-68 1161 11/21/2020 11/21/2020 Books

Powered by Koha